[Event "ITT Ricardo Lettieri"]
[Site "Pinamar ARG"]
[Date "2005.03.18"]
[Round "11"]
[White "Bronstein,L"]
[Black "Peralta,E"]
[Result "0-1"]
[WhiteElo "2357"]
[BlackElo "2252"]

1.e4 c5 2.Nf3 d6 3.Bb5+ Nc6 4.O-O Bd7 5.c3 Nf6 6.Re1 a6 7.Ba4 c4 8.d4 cxd3
9.Qxd3 g6 10.Bg5 Bg7 11.Nbd2 O-O 12.Bb3 Qc7 13.h3 Ne5 14.Qe3 a5 15.a4 b5
16.axb5 Bxb5 17.Nd4 Ba6 18.f4 Nd3 19.e5 Nxe1 20.Rxe1 Ne8 21.e6 f5 22.Bd5 Rc8
23.N2f3 Nf6 24.Bxf6 Bxf6 25.g4 Qc5 26.Bb3 Bb7 27.g5 Bg7 28.Kf2 Rb8 29.Nd2 Ba8
30.Rb1 Be4 31.Nxe4 fxe4 32.Kg2 Rxb3  0-1

[Event "ch-Privolzhsky Region"]
[Site "Ishevsk RUS"]
[Date "2005.03.19"]
[Round "4"]
[White "Bronnikov,K1"]
[Black "Baemov,I"]
[Result "0-1"]
[WhiteElo "2142"]
[BlackElo "2240"]

1.e4 c5 2.Nf3 d6 3.Bb5+ Nd7 4.c4 Nf6 5.Nc3 a6 6.Ba4 g6 7.d4 cxd4 8.Qxd4 Bg7
9.Bc2 O-O 10.Qd3 b5 11.cxb5 axb5 12.Qxb5 Ba6 13.Qg5 Qb8 14.Nd2 Ne5 15.Qg3 Rc8
16.f4 Nh5 17.Qe3 Nc6 18.Nf3 Nb4 19.Bb1 Nxf4 20.Qxf4 Rxc3 21.Ng5 Qb5 22.Qxf7+ Kh8
23.Qf2 Rxc1+  0-1

[Event "ch-Privolzhsky Region"]
[Site "Ishevsk RUS"]
[Date "2005.03.19"]
[Round "4"]
[White "Dubov,D"]
[Black "Stepulev,A"]
[Result "1-0"]
[WhiteElo "2139"]
[BlackElo "2119"]

1.e4 c5 2.Nf3 d6 3.Bb5+ Bd7 4.Bxd7+ Qxd7 5.c4 Nf6 6.Nc3 g6 7.d4 cxd4 8.Nxd4 Bg7
9.O-O O-O 10.h3 Rc8 11.Qe2 Nc6 12.Nf3 Na5 13.b3 Nxe4 14.Nxe4 Bxa1 15.Bd2 Nxc4
16.Rxa1 Nxd2 17.Qxd2 Qd8 18.h4 Rc6 19.Nd4 Ra6 20.Qh6 Qf8 21.Qg5 Rc8 22.Nf5 Rc7
23.Re1 Kh8 24.Nh6 f6 25.Qd2 Rac6 26.Ng3 Rc2 27.Qe3 Rxa2 28.Ng4 f5 29.Nh2 Qf6
30.Qh6 Rcc2 31.Nh1 Kg8 32.Nf3 Ra1 33.Rxa1 Qxa1+ 34.Kh2 Qg7 35.Qe3 b6 36.Qe6+ Qf7
37.Qd7 Ra2 38.Ng5 Qf6 39.Qc8+ Kg7 40.Ne6+ Kh6 41.Qc1+ f4 42.Nxf4 Qxh4+ 43.Nh3+ Kg7
44.Qb1 Re2 45.Qa1+ Qf6 46.Qxa7 Qe5+ 47.Ng3 h5 48.f4 Qe3 49.Nxe2 Qxe2 50.Qxb6 h4
51.Qd4+ Kg8 52.Qd5+ Kg7 53.Ng5 Qg4 54.Qf7+  1-0

[Event "TCh-BEL 2004-5"]
[Site "Belgium BEL"]
[Date "2005.03.20"]
[Round "11"]
[White "Schalkx,J"]
[Black "Roeder,M"]
[Result "0-1"]
[WhiteElo "2279"]
[BlackElo "2404"]

1.e4 c5 2.Nf3 d6 3.Bb5+ Nc6 4.O-O Bd7 5.Re1 Nf6 6.c3 a6 7.Bf1 Bg4 8.h3 Bh5
9.d3 e6 10.Be3 Be7 11.Nbd2 d5 12.Bg5 O-O 13.g4 Bg6 14.Nh4 dxe4 15.Nxg6 hxg6
16.Bxf6 gxf6 17.Nxe4 f5 18.gxf5 exf5 19.Ng3 Bf6 20.Qf3 Qd6 21.Rad1 Rfe8 22.Rxe8+ Rxe8
23.Bg2 Rd8 24.Qe2 b5 25.a4 b4 26.d4 bxc3 27.bxc3 Ne7 28.Re1 cxd4 29.cxd4 Nd5
30.Bxd5 Qxd5 31.Qxa6 Bxd4 32.Qf1 Bc3 33.Re2 Qb3 34.Qg2 Qxa4 35.Nf1 Qc4 36.Qf3 Bd4
37.Rd2 Re8 38.Qd3 Qxd3 39.Rxd3 Bc5 40.Rd2 Re1 41.Kg2 Rc1 42.Ne3 Bxe3 43.fxe3 Rc4
44.Kf3 Rh4 45.Kg3 Re4 46.Kf3 Kg7 47.Rd8 Rh4 48.Kg3 Ra4 49.Rd7 g5 50.Rd6 Re4
51.Kf3 Rh4 52.Kg3 f4+ 53.exf4 Rxf4 54.Ra6 Rb4 55.Ra8 Kg6 56.Ra6+ f6 57.Ra8 Rb3+
58.Kg2 Re3 59.Rb8 Kf5 60.Rb5+ Kf4 61.Rb2 f5 62.Rb4+ Re4 63.Rb2 Rd4 64.Rf2+ Ke5
65.Ra2 Rd3 66.Rb2 f4 67.Rb5+ Ke4 68.Rxg5 Rd2+ 69.Kg1 Kf3 70.Rg7 Rd1+ 71.Kh2 Kf2
72.Rg2+ Ke3 73.Rg8 f3 74.Re8+ Kf2 75.Ra8 Kf1 76.h4 f2 77.Kg3 Kg1 78.Rf8 Rd3+
79.Kg4 Rd8 80.Rf7 Rg8+ 81.Kh5 f1=Q 82.Rxf1+ Kxf1 83.Kh6 Kf2 84.h5 Kf3 85.Kh7 Rg1
86.h6 Kf4 87.Kh8 Kf5 88.h7 Kg6 89.Kg8 Kh6+  0-1

[Event "US Amateur Team East"]
[Site "Parsippany USA"]
[Date "2005.03.20"]
[Round "3"]
[White "Gardner,L"]
[Black "Allen,E"]
[Result "1/2-1/2"]
[WhiteElo "2134"]
[BlackElo "2196"]

1.e4 c5 2.Nf3 d6 3.Bb5+ Nd7 4.O-O Nf6 5.Re1 a6 6.Bxd7+ Nxd7 7.c3 e6 8.d4 Be7
9.a4 b6 10.d5 e5 11.Nbd2 O-O 12.Qc2 Nf6 13.Nf1 Ne8 14.Ng3 g6 15.Bh6 Ng7 16.Nd2 Bg5
17.Bxg5 Qxg5 18.Nc4 Qd8 19.b4 h5 20.bxc5 bxc5 21.Rab1 h4 22.Nf1 h3 23.g3 f5
24.Nfd2 f4 25.Rb6 Ne8 26.Qd1 Qf6 27.Rf1 Ra7 28.f3 Rh7 29.g4 Rc7 30.Kh1 Qe7
31.Qe2 g5  1/2-1/2

[Event "ch-Privolzhsky Region"]
[Site "Ishevsk RUS"]
[Date "2005.03.21"]
[Round "6"]
[White "Alavkin,A"]
[Black "Askarov,M"]
[Result "0-1"]
[WhiteElo "2476"]
[BlackElo "2434"]

1.e4 c5 2.Nf3 d6 3.Bb5+ Bd7 4.Bxd7+ Qxd7 5.O-O Nf6 6.Re1 Nc6 7.c3 e6 8.d3 Be7
9.Nbd2 O-O 10.Nf1 Ne5 11.Bg5 Rac8 12.Ne3 Rfd8 13.Qe2 Nxf3+ 14.Qxf3 Qb5 15.Nc4 d5
16.e5 dxc4 17.dxc4 Qc6 18.exf6 Bxf6 19.Qxc6 Rxc6 20.Bxf6 gxf6 21.Re2 Rcd6
22.f4 Kg7 23.Kf2 Kg6 24.Rae1 Kf5 25.g3 Ra6 26.b3 Rd3 27.Rc2 Rad6 28.Ke2 Kg4
29.b4 b6 30.Rb1 Rd7 31.bxc5 bxc5 32.Rb5 Kh3 33.Rxc5 Kxh2 34.Rh5+ Kxg3 35.c5 Kxf4
36.Rh4+ Kg5 37.Rxh7 R3d5 38.c6 Rc7 39.Ke3 f5 40.c4 Rc5 41.Kd4 R5xc6 42.c5 Rb7  0-1

[Event "ch-DEN KO"]
[Site "Koege DEN"]
[Date "2005.03.21"]
[Round "1.2"]
[White "Andreasen,P"]
[Black "Rasmussen,K"]
[Result "0-1"]
[WhiteElo "2326"]
[BlackElo "2462"]

1.e4 c5 2.Nf3 d6 3.Bb5+ Bd7 4.Bxd7+ Qxd7 5.O-O Nc6 6.c3 Nf6 7.Re1 e6 8.d3 Be7
9.Bg5 O-O 10.Nbd2 h6 11.Bh4 Rfc8 12.a3 b5 13.a4 a6 14.Qb3 Rab8 15.axb5 axb5
16.Ra6 b4 17.Qa4 g5 18.Bg3 g4 19.e5 Nxe5 20.Nxe5 Qxa4 21.Rxa4 dxe5 22.Bxe5 Ra8
23.Rxa8 Rxa8 24.cxb4 cxb4 25.Bxf6 Bxf6 26.Re4 Ra1+ 27.Nf1 Be7 28.Rxg4+ Kf8
29.Rc4 Rb1 30.Rc2 Bf6 31.g3 b3 32.Re2 Bxb2 33.Kg2 Bc3 34.Ne3 b2  0-1

[Event "US Amateur Team East"]
[Site "Parsippany USA"]
[Date "2005.03.21"]
[Round "6"]
[White "Panken,R"]
[Black "Arnold,M"]
[Result "1-0"]
[WhiteElo "2125"]
[BlackElo "2091"]

1.e4 c5 2.Nf3 d6 3.Bb5+ Bd7 4.Bxd7+ Qxd7 5.c4 Nc6 6.O-O e6 7.d4 cxd4 8.Nxd4 Nf6
9.Nc3 Rc8 10.b3 Be7 11.Be3 O-O 12.Rc1 Rfd8 13.f3 Qc7 14.Qe2 Qa5 15.f4 Qc7
16.f5 Qd7 17.Nxc6 Qxc6 18.Bd4 b6 19.Qf3 a6 20.g4 exf5 21.gxf5 Qc7 22.Kh1 Rd7
23.Rg1 Kh8 24.Rg2 b5 25.cxb5 axb5  1-0

[Event "ch-EU"]
[Site "Cork IRL"]
[Date "2005.03.22"]
[Round "1"]
[White "Wilson,A"]
[Black "Baburin,A"]
[Result "0-1"]
[WhiteElo "2072"]
[BlackElo "2523"]

1.e4 c5 2.Nf3 d6 3.Bb5+ Bd7 4.Bxd7+ Qxd7 5.O-O Nc6 6.c4 Ne5 7.b3 g6 8.Bb2 Bg7
9.Nxe5 dxe5 10.f4 e6 11.Qf3 Ne7 12.Qf2 b6 13.Na3 O-O 14.fxe5 Nc6 15.Rad1 Bxe5
16.Bxe5 Nxe5 17.d4 cxd4 18.Rxd4 Qe7 19.Nb5 a6 20.Nc3 b5 21.cxb5 axb5 22.Rfd1 Qc5
23.Nb1 Ng4 24.Qe2 Rad8  0-1

[Event "Open"]
[Site "Coventry ENG"]
[Date "2005.03.24"]
[Round "1"]
[White "Bentley,J"]
[Black "Stocek,J"]
[Result "0-1"]
[WhiteElo "2216"]
[BlackElo "2586"]

1.e4 c5 2.Nf3 d6 3.Bb5+ Nd7 4.O-O a6 5.Bc4 e6 6.d4 b5 7.Be2 cxd4 8.a4 bxa4
9.Qxd4 Ngf6 10.Nc3 Be7 11.Qxa4 O-O 12.Rd1 Qc7 13.Bf4 Rb8 14.Ra2 Bb7 15.Qc4 Qxc4
16.Bxc4 Rfc8 17.Bf1 Nxe4 18.Nxe4 Bxe4 19.Bxd6 Bxc2 20.Rd2 Bxd6 21.Rxd6 Nc5
22.b4 Bb3 23.Ra1 Rxb4 24.Nd4 Bd5 25.Nc6 Bxc6 26.Rc1 Be8  0-1

[Event "Open"]
[Site "Coventry ENG"]
[Date "2005.03.24"]
[Round "1"]
[White "Areklett,I"]
[Black "Britton,R"]
[Result "0-1"]
[WhiteElo "2110"]
[BlackElo "2309"]

1.e4 c5 2.Nf3 d6 3.Bb5+ Bd7 4.Bxd7+ Qxd7 5.O-O Nf6 6.e5 dxe5 7.Nxe5 Qc8 8.Qf3 Nbd7
9.Re1 e6 10.Nc3 Be7 11.d3 Nxe5 12.Rxe5 O-O 13.Bf4 Re8 14.Rae1 Qd7 15.Qg3 Rac8
16.Bh6 g6 17.Bg5 Nh5 18.Qh3 f5 19.Bxe7 Qxe7 20.Qe3 Kf7 21.Qh6 Nf6 22.Nd5 Nxd5
23.Qxh7+ Kf6 24.Rxf5+ exf5 25.Qh4+ Kg7 26.Rxe7+ Rxe7 27.g3 Nf6 28.Kg2 b6
29.Qf4 Rd8 30.h3 Re2 31.Qa4 Re7 32.Qc6 Rdd7 33.Qa4 Rd6 34.Qb5 Rc7 35.Qa4 c4
36.Qa3 Rdd7 37.dxc4 Rxc4 38.c3 Re4 39.Qa6 Ree7 40.Qb5 Rd2 41.g4 fxg4 42.hxg4 Ree2
43.g5 Rxf2+ 44.Kg1 Ng4 45.Qa4 Rg2+ 46.Kh1 Rh2+ 47.Kg1 Rdg2+ 48.Kf1 Ne3+ 49.Ke1 Re2+  0-1

[Event "Open"]
[Site "Coventry ENG"]
[Date "2005.03.25"]
[Round "3"]
[White "Purton,B"]
[Black "Hunt,A"]
[Result "0-1"]
[WhiteElo "2085"]
[BlackElo "2434"]

1.e4 c5 2.Nf3 d6 3.Bb5+ Bd7 4.Bxd7+ Qxd7 5.O-O Nc6 6.d4 cxd4 7.Nxd4 g6 8.c4 Bg7
9.Be3 Nf6 10.f3 Rc8 11.Nc3 O-O 12.b3 Rfd8 13.Rc1 e6 14.Ndb5 a6 15.Na3 Qe7
16.Bb6 d5 17.Nab1 dxe4 18.Bxd8 Rxd8 19.Qe1 exf3 20.Rxf3 Ng4 21.Rd1 Nce5 22.Rxd8+ Qxd8
23.Rh3 Nd3 24.Qe2 Bd4+ 25.Kf1 Qf6+ 26.Qf3 Ne3+  0-1

[Event "Open"]
[Site "Coventry ENG"]
[Date "2005.03.25"]
[Round "3"]
[White "Charleshouse,G"]
[Black "Stocek,J"]
[Result "0-1"]
[WhiteElo "2251"]
[BlackElo "2586"]

1.e4 c5 2.Nf3 d6 3.Bb5+ Nd7 4.d4 cxd4 5.Qxd4 a6 6.Bxd7+ Bxd7 7.Nc3 e5 8.Qd3 h6
9.h3 Nf6 10.g4 Rc8 11.g5 hxg5 12.Bxg5 Be6 13.O-O-O Qa5 14.a3 Rxc3 15.bxc3 Qxa3+
16.Kd2 Qa4 17.Bxf6 gxf6 18.Ke1 Bc4 19.Qe3 Qxc2 20.Nd2 Bh6 21.Qf3 Bb5 22.Rg1 Ke7
23.h4 Bf4 24.h5 Rxh5 25.Qxh5 Bxd2+ 26.Rxd2 Qxe4+ 27.Re2 Qb1+  0-1

[Event "Spring Open"]
[Site "Belgrade SCG"]
[Date "2005.03.26"]
[Round "2"]
[White "Vujosevic,D"]
[Black "Bozovic,V"]
[Result "0-1"]
[WhiteElo "2097"]
[BlackElo "2186"]

1.e4 c5 2.Nf3 d6 3.Bb5+ Nc6 4.c3 Nf6 5.d3 g6 6.Bg5 Bg7 7.e5 dxe5 8.Nxe5 Qd5
9.Nf3 Bg4 10.Nbd2 O-O 11.Qa4 Bxf3 12.Nxf3 Ne5 13.Bxf6 Nxf3+ 14.Ke2 exf6 15.gxf3 a6
16.Bc4 Qe5+ 17.Kf1 b5 18.Bxb5 axb5 19.Qxb5 Rab8 20.Qc4 Rxb2 21.Re1 Qf5 22.h4 Qxf3
23.Rh2 Rfb8  0-1

[Event "Open"]
[Site "Coventry ENG"]
[Date "2005.03.26"]
[Round "4"]
[White "Greet,A"]
[Black "Dunn,Al"]
[Result "1-0"]
[WhiteElo "2389"]
[BlackElo "2056"]

1.e4 c5 2.Nf3 d6 3.Bb5+ Nd7 4.d4 cxd4 5.Qxd4 a6 6.Bxd7+ Bxd7 7.Nc3 e5 8.Qd3 h6
9.Nd2 b5 10.Nf1 Nf6 11.Ne3 Be6 12.a4 b4 13.Ncd5 Bxd5 14.Nxd5 Nxd5 15.Qxd5 Rc8
16.Qd3 Be7 17.Qxa6 O-O 18.Qd3 Qc7 19.O-O Qxc2 20.Qxc2 Rxc2 21.b3 Bg5 22.Bxg5 hxg5
23.Rfc1 Rb2 24.Rab1 Rxb1 25.Rxb1 Rc8 26.a5 g4 27.a6 f5 28.exf5 Kf7 29.Ra1 Kf6
30.a7 Ra8 31.Kf1 Kxf5 32.Ke2 d5 33.Ra5 Ke4 34.Ra4 Kf5 35.f3 gxf3+ 36.Kxf3 g5
37.h3 Kg6 38.Ra6+ Kf7 39.Ke3 Kg7 40.Ke2 Kf7 41.Kf3 Ke7 42.Kg4 e4 43.Kxg5 e3
44.Ra2 Kd6 45.Kf4 e2 46.Rxe2 Rxa7 47.h4 Kc5 48.g4 Kd4 49.Rd2+ Kc3 50.Rxd5 Kxb3
51.g5 Kc4 52.Rd1 b3 53.g6 b2 54.Rb1 Kc3 55.h5 Ra1 56.Rxb2 Kxb2 57.h6 Rf1+
58.Kg5 Kc3 59.h7 Rh1 60.Kf6  1-0

[Event "Open"]
[Site "Coventry ENG"]
[Date "2005.03.26"]
[Round "5"]
[White "Van Kemenade,R"]
[Black "Britton,R"]
[Result "1-0"]
[WhiteElo "2087"]
[BlackElo "2309"]

1.e4 c5 2.Nf3 d6 3.Bb5+ Bd7 4.Bxd7+ Qxd7 5.O-O Nf6 6.e5 dxe5 7.Nxe5 Qc8 8.Qf3 Nbd7
9.Nc4 e6 10.a4 Be7 11.Nc3 O-O 12.d3 Rd8 13.Re1 Nf8 14.Bf4 Ng6 15.Bg3 Nd5
16.Nxd5 Rxd5 17.h3 Bf6 18.Rad1 Qd8 19.Ne3 Rd7 20.Nc4 Rc8 21.Qe4 b6 22.Qf3 Rd5
23.Ne3 Rd4 24.b3 Rd7 25.Nc4 Ne7 26.Be5 Nf5 27.g4 Nd4 28.Bxd4 cxd4 29.Qe4 Rd5
30.Ra1 g6 31.Ra2 Be7 32.Kg2 Bb4 33.Re2 Kg7 34.f4 h6 35.Rf2 Rcc5 36.Ra1 a6
37.Ne5 Qc7 38.Ra2 b5 39.axb5 axb5 40.Nf3 Qd8 41.Ra7 Ba5 42.Ne5 Bc7 43.Nf3 Bb8
44.Ra6 Qc8 45.Ra2 Qd7 46.Ra6 Qc8 47.Ra2 f5 48.gxf5 gxf5 49.Qe2 Bxf4 50.Nh4 Be3
51.Qh5 Rd7 52.Qg6+ Kh8 53.Qf6+ Rg7+ 54.Kf1 Bg5 55.Qxd4 e5 56.Qa1 Rg8 57.Nxf5 Rf8
58.b4 Rd5 59.Ke2 Qe8 60.Ng3 Bf4 61.Ra7 Qg6 62.Rf3 Qc6 63.c3 Rfd8 64.Ne4 Rxd3
65.Rxf4 Qc4 66.Nd6 Rd2+ 67.Kxd2 Qxf4+ 68.Kc2 Rxd6 69.Ra8+ Kg7 70.Qa7+ Kg6
71.Qg1+ Kh5 72.Qg2 Rg6 73.Qe2+ Kh4 74.Re8 Kxh3 75.Qh5+ Qh4 76.Qxg6 Qf2+ 77.Kb3 Qd2
78.Qh5+  1-0

[Event "Open"]
[Site "Coventry ENG"]
[Date "2005.03.26"]
[Round "5"]
[White "Mason,D"]
[Black "Hunt,A"]
[Result "1/2-1/2"]
[WhiteElo "2255"]
[BlackElo "2434"]

1.e4 c5 2.Nf3 d6 3.Bb5+ Nc6 4.O-O Bd7 5.c3 Nf6 6.Re1 e5 7.d4 Qc7 8.Na3 a6
9.Bxc6 Bxc6 10.Nc4 Nd7 11.d5 Bb5 12.Ne3 Nf6 13.Nf5 g6 14.Ng3 h5 15.h4 Bd7
16.a4 Bg4 17.Nf1 Be7 18.N1h2 Nd7 19.c4 f5 20.Nxg4 hxg4 21.Ng5 Nf8 22.g3 Bxg5
23.Bxg5 Nh7 24.exf5 gxf5 25.Bd2 a5 26.Ra3 Nf6 27.Rb3 b6  1/2-1/2

[Event "Dos Hermanas Internet KO"]
[Site "ICC INT"]
[Date "2005.03.26"]
[Round "1.4"]
[White "Fridman,D2"]
[Black "Mamedov,Rau"]
[Result "1-0"]
[WhiteElo "2569"]
[BlackElo "2494"]

1.e4 c5 2.Nf3 d6 3.Bb5+ Nd7 4.d4 Nf6 5.Nc3 a6 6.Bxd7+ Nxd7 7.O-O e6 8.Bg5 Qc7
9.d5 e5 10.a4 h6 11.Bh4 g5 12.Bg3 Bg7 13.Nd2 Nf6 14.Nc4 O-O 15.a5 Bg4 16.f3 Bh5
17.Ne3 Bg6 18.Bf2 Nh5 19.g4 Nf4 20.Bg3 c4 21.Kh1 Rac8 22.Ra4 Qd8 23.Nxc4 h5
24.Ne3 hxg4 25.fxg4 b5 26.axb6 Qxb6 27.Qc1 Rb8 28.Nf5 Qxb2 29.Qxb2 Rxb2 30.Rxa6 Rxc2
31.Nb5 Bxf5 32.gxf5 Bf6 33.Rxd6 Kg7 34.Rc6 Rb2 35.Nd6 Rh8 36.Rc7 Rf8 37.Ra1 Nh5
38.Raa7 Rb1+ 39.Kg2 Rb2+ 40.Kg1 Rb1+ 41.Kg2 Rb2+ 42.Kf3 Nxg3 43.hxg3 g4+
44.Kxg4 Rg8 45.Nxf7 Kf8+ 46.Kh3 Rb1 47.Ra8+ Kg7 48.Nd6+ Be7 49.Rxe7+ Kh6
50.Rxg8 Rh1+ 51.Kg2  1-0

[Event "Dos Hermanas Internet KO"]
[Site "ICC INT"]
[Date "2005.03.26"]
[Round "2.4"]
[White "Bu Xiangzhi"]
[Black "Guseinov,G"]
[Result "1-0"]
[WhiteElo "2607"]
[BlackElo "2574"]

1.e4 c5 2.Nf3 d6 3.Bb5+ Nd7 4.d4 cxd4 5.Qxd4 e5 6.Qd3 Nf6 7.c4 Be7 8.Nc3 O-O
9.Bxd7 Bxd7 10.Bg5 Nh5 11.Bxe7 Qxe7 12.Nd5 Qd8 13.O-O f5 14.exf5 Bxf5 15.Qe3 Be6
16.Ng5 Bxd5 17.cxd5 Nf4 18.Ne4 Qd7 19.g3 Nh5 20.Rac1 h6 21.Rc3 Nf6 22.Nxf6+ Rxf6
23.Rfc1 Raf8 24.R1c2 Qh3 25.Qe4 Qh5 26.Kg2 Qf7 27.f3 Qe8 28.a4 a5 29.b3 Qd8
30.Qg4 Qb6 31.Rc7 R6f7 32.Rxf7 Rxf7 33.Qe6  1-0

[Event "Open"]
[Site "Coventry ENG"]
[Date "2005.03.27"]
[Round "6"]
[White "Purton,B"]
[Black "Talbot,A"]
[Result "1/2-1/2"]
[WhiteElo "2085"]
[BlackElo "2179"]

1.e4 c5 2.Nf3 d6 3.Bb5+ Nc6 4.O-O Bd7 5.Re1 a6 6.Bf1 Bg4 7.d3 Nf6 8.Nbd2 e6
9.Be2 Be7 10.Nf1 d5 11.exd5 exd5 12.h3 Bh5 13.Ng3 Bg6 14.Nh4 Qd7 15.Bg5 O-O
16.Nxg6 hxg6 17.c3 Bd6 18.Qd2 Rfe8 19.Bf3 Ne5 20.Be2 Qc7 21.Nf1 Rac8 22.Bxf6 gxf6
23.d4 cxd4 24.Qxd4 Bc5 25.Qh4 Kg7 26.Nd2 Qb6  1/2-1/2

[Event "Open"]
[Site "Coventry ENG"]
[Date "2005.03.27"]
[Round "7"]
[White "Bentley,J"]
[Black "Hunt,A"]
[Result "0-1"]
[WhiteElo "2216"]
[BlackElo "2434"]

1.e4 c5 2.Nf3 d6 3.Bb5+ Bd7 4.Bxd7+ Nxd7 5.O-O g6 6.c3 Ngf6 7.Qe2 Bg7 8.d4 e5
9.dxe5 dxe5 10.Bg5 Qc7 11.Na3 a6 12.Nc2 O-O 13.Nd2 Qc6 14.f3 b5 15.Ne3 c4
16.Rfd1 Nb6 17.Bxf6 Bxf6 18.Ndf1 Rfd8 19.Rxd8+ Rxd8 20.Rd1 Rd6 21.g3 Kf8
22.Kg2 Qd7 23.Rxd6 Qxd6 24.Qd2 Qxd2+ 25.Nxd2 Bg5 26.Kf2 Na4 27.Ke2 Bxe3  0-1

[Event "Spring Open"]
[Site "Belgrade SCG"]
[Date "2005.03.28"]
[Round "4"]
[White "Nestorovic,DN"]
[Black "Nikolic,Milo"]
[Result "1-0"]
[WhiteElo "2328"]
[BlackElo "2177"]

1.e4 c5 2.Nf3 d6 3.Bb5+ Nc6 4.O-O Bd7 5.c3 Nf6 6.Re1 a6 7.Ba4 b5 8.Bc2 e5
9.h3 Be7 10.d4 cxd4 11.cxd4 O-O 12.Nc3 Rc8 13.a3 Re8 14.Bb3 h6 15.dxe5 Nxe5
16.Bf4 Bf8 17.Nd5 Nc4 18.Qd4 Nxd5 19.exd5 g5 20.Rxe8 Bxe8 21.Bc1 Bg7 22.Qg4 Nxb2
23.Rb1 Nd3 24.Be3 Bd7 25.Qg3 Bf5 26.Rd1 Rc3 27.Ba2 Nb2 28.Re1 Rxa3 29.Bb1 Bxb1
30.Rxb1 Nc4 31.Bc1 Rd3 32.Qg4 Rxd5 33.h4 f5 34.Qh5 Rd1+ 35.Kh2 Qf6 36.hxg5 Qf7
37.g6 Qd7 38.Ng5 Rxc1 39.Rxc1 hxg5 40.Qxg5 Be5+ 41.f4 Bd4 42.Re1 Ne3 43.Kg3 a5
44.Rc1 a4 45.Qh5 Nc4 46.Rd1 Bb2 47.Rd5 Qa7 48.Rxf5 Ne3 49.Rf7 Nf1+ 50.Kg4 Ne3+
51.Kh3  1-0

[Event "Open"]
[Site "Coventry ENG"]
[Date "2005.03.28"]
[Round "8"]
[White "Greet,A"]
[Black "Talbot,A"]
[Result "1-0"]
[WhiteElo "2389"]
[BlackElo "2179"]

1.e4 c5 2.Nf3 d6 3.Bb5+ Nc6 4.d4 cxd4 5.Qxd4 Bd7 6.Bxc6 Bxc6 7.Nc3 Nf6 8.Bg5 e6
9.O-O-O Be7 10.Rhe1 O-O 11.Kb1 Qa5 12.Qd2 Qc7 13.Nd4 Rfc8 14.f3 b5 15.Ncxb5 Bxb5
16.Nxb5 Qc5 17.Nxd6 Bxd6 18.Bxf6 gxf6 19.Qxd6 Qxc2+ 20.Ka1 Rab8 21.Rb1 Rb6
22.Qd1 Qxd1 23.Rexd1 Rc2 24.b3 Rxg2 25.Rg1 Rg6 26.Rgd1 Rb7 27.Rd2 Kf8 28.Rc1 Ke7
29.Rc5 Rg5 30.Rc8 f5 31.Rc5 Rg1+ 32.Kb2 fxe4 33.fxe4 Rd7 34.Rxd7+ Kxd7 35.Ra5 Rg2+
36.Kc3 Rxh2 37.Rxa7+ Ke8 38.b4 f5 39.b5 Kd8 40.exf5 exf5 41.b6 Kc8 42.a4 Rh4
43.a5 Ra4 44.Kb3 Ra1 45.Kb4 Rb1+ 46.Kc5 f4 47.Rf7 Rc1+ 48.Kb5 Kb8 49.Rf8+ Rc8
50.Rxc8+ Kxc8 51.Kc6 f3 52.b7+ Kb8 53.Kb6  1-0

[Event "Alpress Cup"]
[Site "Frydek Mistek CZE"]
[Date "2005.03.28"]
[Round "9"]
[White "Kalvaitis,S"]
[Black "Tvarijonas,P"]
[Result "0-1"]
[WhiteElo "2152"]
[BlackElo "2100"]

1.e4 c5 2.Nf3 d6 3.Bb5+ Bd7 4.Bxd7+ Qxd7 5.O-O Nc6 6.c3 Nf6 7.Qe2 e6 8.d4 cxd4
9.Nxd4 Be7 10.Na3 O-O 11.Nac2 Rac8 12.f4 d5 13.e5 Ne4 14.Be3 f5 15.g4 g6
16.Kh1 Bc5 17.gxf5 gxf5 18.Rg1+ Kh8 19.Nf3 Bxe3 20.Qxe3 Rg8 21.Ncd4 Qf7 22.Rxg8+ Rxg8
23.Rg1 Nxd4 24.Nxd4 a6 25.a4 Rg6 26.Rxg6 Qxg6 27.Qg1 Qh5 28.a5 h6 29.b3 Kh7
30.c4 dxc4 31.bxc4 Qh3 32.Qg2 Qh5 33.Nf3 Qe8 34.Nh4 Qh5 35.Nf3 Qf7 36.h3 Qg6
37.Kh2 Qe8 38.Nh4 Qf7 39.Nf3 Qd7 40.Kh1 Qd8 41.Kh2 Nc5 42.h4 Ne4 43.Qb2 Qd7
44.Kh3 Qg7 45.Qg2 Qc7 46.Qb2 Nc5 47.h5 Qf7 48.Kh4 Qg7 49.Nh2 Ne4 50.Qb3 Kh8
51.Kh3 Qg1 52.Qa3 Nf2+  0-1

[Event "ch-RUS w 1st League"]
[Site "Samara RUS"]
[Date "2005.03.29"]
[Round "7"]
[White "Slavina,I"]
[Black "Chistiakova,T"]
[Result "0-1"]
[WhiteElo "2415"]
[BlackElo "2310"]

1.e4 c5 2.Nf3 d6 3.Bb5+ Bd7 4.Bxd7+ Nxd7 5.O-O Ngf6 6.Qe2 Rc8 7.b3 g6 8.c3 Bg7
9.d4 cxd4 10.cxd4 O-O 11.Bb2 Qa5 12.Nbd2 d5 13.e5 Nh5 14.g4 Rc2 15.gxh5 Rxb2
16.Nc4 Rxe2 17.Nxa5 Rc8 18.Rfc1 Rec2 19.Rxc2 Rxc2 20.Nxb7 gxh5 21.b4 Nf8
22.Nc5 Ng6 23.a4 Nf4 24.Kf1 Rc3 25.Nd2 Bh6 26.Rb1 Rh3 27.b5 Rxh2 28.Nf3 Rh1+
29.Ng1 h4 30.Nd3 Nxd3 31.a5 h3 32.b6 axb6 33.a6 Bc1 34.a7 h2 35.a8=Q+ Kg7
36.Ke2 Nf4+ 37.Kf3 hxg1=Q 38.Rxc1 Qxc1 39.Qd8 Rh3+ 40.Kg4 Qd1+  0-1

[Event "ch-RUS w 1st League"]
[Site "Samara RUS"]
[Date "2005.03.29"]
[Round "7"]
[White "Korbut,E"]
[Black "Komiagina,M"]
[Result "1-0"]
[WhiteElo "2417"]
[BlackElo "2312"]

1.e4 c5 2.Nf3 d6 3.Bb5+ Bd7 4.Bxd7+ Qxd7 5.O-O Nc6 6.Qe2 e6 7.Rd1 Be7 8.d4 cxd4
9.Nxd4 Nf6 10.c4 Nxd4 11.Rxd4 Qc6 12.Nc3 O-O 13.b3 Rfd8 14.Bb2 Ne8 15.Rd3 Bf6
16.f4 a6 17.Rh3 b5 18.Kh1 b4 19.Nd1 Bxb2 20.Nxb2 Nf6 21.Re1 d5 22.cxd5 exd5
23.e5 Ne4 24.Nd3 a5 25.f5 Qc3 26.Rf1 Qd2 27.Qh5 h6 28.f6 Qg5 29.Qd1 Rac8
30.fxg7 Rc3 31.Qf3 Qxg7 32.Qf4 Rc2 33.Ne1 Rxa2 34.Rxh6 Nf2+ 35.Kg1 Nd3 36.Rh8+ Kxh8
37.Qh4+ Kg8 38.Qxd8+ Kh7 39.Qxd5 Nxe5 40.Rf5 f6 41.Qd4 Qg4 42.Qa7+ Kg6 43.Rf2 Qe4
44.Rf1 Ng4 45.h3 Qe3+ 46.Qxe3 Nxe3 47.Rf3 Nd5 48.Nd3 Rc2 49.Kh2 Rc3 50.Nb2 Ne3
51.Rg3+ Kf7 52.Rf3 Ke6 53.Na4 Nd5 54.Nxc3 bxc3 55.Rf1 Ke5 56.h4 Nf4 57.Rf3 Nd5
58.h5 c2 59.Rf1 Ne3 60.Rc1 f5 61.h6 Kf6 62.Kg3 Kg6 63.Kf3 f4 64.Kxf4 Nxg2+
65.Ke4  1-0

[Event "ch-EU"]
[Site "Cork IRL"]
[Date "2005.03.31"]
[Round "10"]
[White "Wall,G"]
[Black "Astaneh Lopez,A"]
[Result "1/2-1/2"]
[WhiteElo "2368"]
[BlackElo "2277"]

1.e4 c5 2.Nf3 d6 3.Bb5+ Nd7 4.d4 Nf6 5.Nc3 cxd4 6.Qxd4 e5 7.Qd3 h6 8.Nd2 a6
9.Bxd7+ Bxd7 10.Nc4 Be6 11.O-O Rc8 12.Ne3 Be7 13.a4 O-O 14.Rd1 Qc7 15.Bd2 Bc4
16.Nxc4 Qxc4 17.Rac1  1/2-1/2

[Event "Bundesliga 2005-6"]
[Site "Baden Baden GER"]
[Date "2005.04.02"]
[Round "15"]
[White "Wippermann,T"]
[Black "Kasimdzhanov,R"]
[Result "0-1"]
[WhiteElo "2457"]
[BlackElo "2670"]

1.e4 c5 2.Nf3 d6 3.Bb5+ Nd7 4.O-O a6 5.Bxd7+ Bxd7 6.d4 cxd4 7.Qxd4 Bg4 8.Qd3 Nf6
9.c4 g6 10.b3 Bg7 11.Bb2 O-O 12.Nbd2 Rc8 13.Nd4 Bd7 14.a4 Ng4 15.Rfe1 Qb6
16.h3 Ne5 17.Qe2 Rfe8 18.Ra2 e6 19.Qe3 d5 20.f4 Bh6 21.Nxe6 Qxe3+ 22.Rxe3 dxc4
23.Bxe5 Rxe6 24.Rf3 f6 25.Bd4 cxb3 26.Nxb3 Rxe4 27.a5 Bxf4 28.Bxf6 Bb5 29.Kf2 Rce8
30.Rc3 Rf8 31.Kf3 Rc4 32.Rxc4 Bxc4 33.Ra4 Bd5+  0-1

[Event "East Bay CC GM"]
[Site "Berkley USA"]
[Date "2005.04.02"]
[Round "5"]
[White "Roussel Roozmon,T"]
[Black "Yermolinsky,A"]
[Result "1/2-1/2"]
[WhiteElo "2425"]
[BlackElo "2570"]

1.e4 c5 2.Nf3 d6 3.Bb5+ Nd7 4.d4 Nf6 5.Nc3 cxd4 6.Qxd4 e5 7.Qd3 h6 8.Be3 Be7
9.Bc4 O-O 10.O-O a6 11.a4 Qc7 12.Rfd1 Nc5 13.Bxc5 Qxc5 14.Nd5 Nxd5 15.Bxd5 Rb8
16.h3 Kh8 17.c3 f5 18.a5 fxe4 19.Bxe4 Be6 20.Bd5 Bf5 21.Be4 Bxe4 22.Qxe4 Rf4
23.Qd5 Qxd5 24.Rxd5 Rbf8 25.Rd2 Kg8 26.Ne1 d5 27.f3 d4 28.cxd4 Rxd4 29.Rxd4 exd4
30.Kf1 Rf5 31.Nd3 Rb5 32.Ke2 Bb4 33.Ra4 Bxa5  1/2-1/2

[Event "3rd ch-GER Internet Blitz Candidates"]
[Site "playchess INT"]
[Date "2005.04.02"]
[Round "7"]
[White "Drabke,L"]
[Black "Schmidt,Ha"]
[Result "1-0"]
[WhiteElo "2456"]
[BlackElo "2368"]

1.e4 c5 2.Nf3 d6 3.Bb5+ Bd7 4.Bxd7+ Qxd7 5.c4 Nc6 6.d4 cxd4 7.Nxd4 Nf6 8.Nc3 e6
9.O-O Be7 10.Re1 O-O 11.b3 a6 12.Bb2 Rfc8 13.Nxc6 Qxc6 14.Rc1 Nd7 15.Nd5 Bf8
16.Nf4 Qc5 17.Qg4 Ne5 18.Qg3 Ng6 19.Nxg6 hxg6 20.Re3 b5 21.Rec3 Qh5 22.a3 bxc4
23.Qf3 d5 24.exd5 exd5 25.bxc4 Rab8 26.cxd5 Rxc3 27.Bxc3 Bxa3 28.Rd1 Qxf3
29.gxf3 Rd8 30.Kf1 f6 31.Ke2 Kf7 32.Ke3 Bc5+ 33.Ke4 g5 34.Ra1 g6 35.Rxa6 Rd7
36.Rc6 Bxf2 37.Rxf6+ Ke7 38.Rxg6 Bh4 39.Rg7+ Ke8 40.Rxd7 Kxd7 41.Be5 Be1
42.Kf5 Bd2 43.h3 Bc1 44.Bf6 Kd6 45.Bxg5 Bb2 46.Ke4  1-0

[Event "3rd ch-GER Internet Blitz Candidates"]
[Site "playchess INT"]
[Date "2005.04.02"]
[Round "10"]
[White "Schunk,T1"]
[Black "Rachut,S"]
[Result "0-1"]
[WhiteElo "2280"]
[BlackElo "2068"]

1.e4 c5 2.Nf3 d6 3.Bb5+ Bd7 4.Bxd7+ Nxd7 5.O-O g6 6.d4 Bg7 7.c3 cxd4 8.cxd4 Ngf6
9.Nc3 O-O 10.Bg5 h6 11.Bh4 g5 12.Bg3 Nh5 13.Qd2 Nxg3 14.hxg3 Nb6 15.b3 e6
16.Rac1 g4 17.Nh4 Qf6 18.Nb5 Qg5 19.Qd3 Rfd8 20.a4 a6 21.a5 Qxb5 22.Qxb5 axb5
23.axb6 Ra6 24.Rc7 Rxb6 25.d5 exd5 26.exd5 Re8 27.Nf5 Re5 28.Ne3 h5 29.Rfc1 Kh7
30.Rxf7 Kg6 31.Rcc7 Bh6 32.Rfe7 Bxe3 33.fxe3 Kf5 34.Kf2 Ke4 35.Rxb7 Ra6 36.Rxe5+ Kxe5
37.Rxb5 Ra2+ 38.Kf1 Ra1+ 39.Ke2 Ra2+ 40.Kf1 Ra1+ 41.Kf2 Ra2+ 42.Kg1 Re2 43.Kf1 Rxe3
44.Kf2 Rd3 45.Rb8 Rxd5 46.Ke3 Rd1 47.Rh8 Rh1 48.b4 Kd5 49.Rc8 Rb1 50.Rh8 Rxb4
51.Rxh5+ Ke6 52.Rh6+ Ke5 53.Rh5+ Ke6 54.Rh8 Kf5 55.Rd8 Ke5 56.Re8+ Kf5 57.Rf8+ Ke5
58.Re8+ Kd5 59.Rg8 Re4+ 60.Kd3 Ra4 61.Rg5+ Kc6 62.Rf5 Ra3+ 63.Ke4 Rxg3 64.Kf4 Rxg2
65.Rg5 d5 66.Rxg4 Rf2+  0-1